Obras del V. P. Maestro Fr. Luis de Granada, del Orden de Santo Domingo

Detalles Bibliográficos
Autor principal: Luis de Granada, O. P., 1504-1588
Otros Autores: Muñoz, Luis, O. P., m. 1646. Vida y virtudes del V. P. Maestro Fr. Luys de Granada, Ravanals, Juan Bautista, 1678-1746, grab, Meléndez, M., dib
Formato: Libro
Lenguaje:Spanish
Publicado: en Madrid : por Antonio Gonçalez de Reyes, 1711.
Materias:
Colección:Banco de datos
Acervo:Seminario Conciliar de Nuestra Señora de Guadalupe Querétaro. Qro.. Biblioteca Florencio Rosas. Fondo Reservado
Descripción Física:27 t. : il. ; 8°
Tema general:Ascética
Notas:Portada tipográfica a dos tintas con grabado central calcográfico. Varía título en el t. 1: Vida, y virtudes del V. P. Maestro Fr. Luys de Granada del Orden de Santo Domingo compuesta por el licenciado Luys Muñòz. Texto a renglón seguido con paginación en números arábigos, cornisas, apostillas marginales, titulillos, signaturas y reclamos. Cada tomo con portada y paginación propias. Los t. 1, 6, 9-10, 18-19, 22-23 publicados en 1711. Paginación: t. 1 [20] h., 520 p., [4] h. + [2] h. de grab.; t. 6 [16] h., 464 p., [7] h.; t. 9 [4] h., 360 p., [3] h.; t. 10 [3] h., 560 p., [6] h.; t. 18 [16] h., 413 p., [5] h.; t. 19 [3] h., 460 p., [6] h.; t. 22 [3] h., 416 p., [4] h.; t. 23 [3] h., 462 p., [5] h. Incluye ilustraciones a plana entera en grabado calcográfico (1229). Incluyen cabeceras de título, letras capitulares y viñetas finales con motivos florales en grabado xilográfico. Encuadernación en piel labrada sobre cartón con cantos en tono dorado (1229, 1232-1234, 1241-1242, 1244-1245). Ex libris manuscrito en la guarda anterior: "Obsequio del Sr. Dn. Valentín Frias al Seminario. Mayo de 1918" (1229, 1232-1234, 1241-1242, 1244-1245). Ex libris en estampa en el verso de la tapa superior de Valentín F. Frías (1229, 1232-1233, 1244). Anotaciones manuscritas en la guarda anterior (1229, 1232-1234, 1241-1242, 1244-1245). Sello en tinta del Seminario Conciliar, Querétaro (1229, 1232-1234, 1241-1242, 1244-1245). Daños de humedad (1229, 1232-1234, 1241-1242, 1244-1245). Daños de polilla (1229, 1233-1234). Daños en la encuadernación, faltan fragmentos de piel (1229-1232). Daños de mutilación, falta fragmento de la tapa superior (1242)
LEADER 03204nam a22002410004500
035 |a 888 
041 0 |a spa 
100 1 |a Luis de Granada, O. P., 1504-1588  
245 1 0 |a Obras del V. P. Maestro Fr. Luis de Granada, del Orden de Santo Domingo  
260 |a en Madrid : por Antonio Gonçalez de Reyes, 1711.  
300 |a 27 t. : il. ; 8° 
500 |a Portada tipográfica a dos tintas con grabado central calcográfico. Varía título en el t. 1: Vida, y virtudes del V. P. Maestro Fr. Luys de Granada del Orden de Santo Domingo compuesta por el licenciado Luys Muñòz. Texto a renglón seguido con paginación en números arábigos, cornisas, apostillas marginales, titulillos, signaturas y reclamos. Cada tomo con portada y paginación propias. Los t. 1, 6, 9-10, 18-19, 22-23 publicados en 1711. Paginación: t. 1 [20] h., 520 p., [4] h. + [2] h. de grab.; t. 6 [16] h., 464 p., [7] h.; t. 9 [4] h., 360 p., [3] h.; t. 10 [3] h., 560 p., [6] h.; t. 18 [16] h., 413 p., [5] h.; t. 19 [3] h., 460 p., [6] h.; t. 22 [3] h., 416 p., [4] h.; t. 23 [3] h., 462 p., [5] h. Incluye ilustraciones a plana entera en grabado calcográfico (1229). Incluyen cabeceras de título, letras capitulares y viñetas finales con motivos florales en grabado xilográfico. Encuadernación en piel labrada sobre cartón con cantos en tono dorado (1229, 1232-1234, 1241-1242, 1244-1245). Ex libris manuscrito en la guarda anterior: "Obsequio del Sr. Dn. Valentín Frias al Seminario. Mayo de 1918" (1229, 1232-1234, 1241-1242, 1244-1245). Ex libris en estampa en el verso de la tapa superior de Valentín F. Frías (1229, 1232-1233, 1244). Anotaciones manuscritas en la guarda anterior (1229, 1232-1234, 1241-1242, 1244-1245). Sello en tinta del Seminario Conciliar, Querétaro (1229, 1232-1234, 1241-1242, 1244-1245). Daños de humedad (1229, 1232-1234, 1241-1242, 1244-1245). Daños de polilla (1229, 1233-1234). Daños en la encuadernación, faltan fragmentos de piel (1229-1232). Daños de mutilación, falta fragmento de la tapa superior (1242) 
504 |a Al final de cada tomo está la tabla de capítulos  
505 0 0 |a t. 1 Vida, y virtudes del V. P. Maestro Fr. Luys de Granada.-- t. 6 De la oracion, y meditacion. Parte III De la oracion, ayuno, y limosna.-- t. 9 Memorial vida christiana. Parte III De la oracion mental, y vida de Christo.-- t. 10 Memorial de la vida christiana. Parte IV Del amor de Dios.-- t. 18 Symbolo de la fe. Parte IV Tratado primero.-- t. 19 Symbolo de la fe. Parte IV Tratado segundo.-- t. 22 Explicacion de la doctrina christiana Parte I.-- t. 23 Explicacion de la doctrina christiana. Parte II  
600 1 4 |a Luis de Granada, O. P., 1504-1588 - Obras 
650 1 0 |a Ascética 
700 1 |a Muñoz, Luis, O. P., m. 1646. Vida y virtudes del V. P. Maestro Fr. Luys de Granada  
700 1 |a Ravanals, Juan Bautista, 1678-1746, grab.  
700 1 |a Meléndez, M., dib.  
949 |a Fondo Reservado: t. 1 (1229); t. 6 (1232); t. 9 (1233); t. 10 (1234); t. 18 (1241); t. 19 (1242); t. 22 (1244); t. 23 (1245) 
942 |c QUER-RES 
943 |g Seminario Conciliar de Nuestra Señora de Guadalupe Querétaro. Qro.. Biblioteca Florencio Rosas. Fondo Reservado 
999 |c 1108552  |d 1108552